GD Player Quiz - Statistics

General Stats
  • This quiz has been taken 87 times
  • The average score is 5 of 15
Answer Stats
Hint GD Player % Correct
Was known for making Nine Circles Zobros
95%
Created Bloodbath Riot
92%
He verified Bloodlust Knobbelboy
70%
The player who made GD himself RobTop
61%
Made the level "Silent Clubstep" Sailent
36%
Buffed levels 1-3 Vortrox
33%
Best player in GD Viprin
19%
Made the UFO level "Wave" TheRealDarnoc
17%
Was the unluckiest player in GD Vismuth
17%
Korean player who makes challenges Mulpan
16%
The first one to complete Bloodbath and made Bloodlust Quazar
16%
Made the monsters in the level "Love Baba" KrazyMan50
11%
Player who has the colors blue and cyan as the colors of his icon Partition
11%
He created a war in GD MatMart
8%
Unknown player who named the levels he made and named them after digits of pi GeraldBrown
5%
No matching quizzes found
Score Distribution
Percent of People with Each Score
Percentile by Number Answered
Your Score History
You have not taken this quiz